000 00568nam a22002177a 4500
003 UA-OsUOA
001 120806
007 ta
008 20170220b un ||||| |||| 00| 0 ukr d
100 _aСлабошпицький М.
090 _a82
_bС47
942 _cSA
040 _aUA-OsUOA
_bfre
_cUA-OsUOA
_dUA-OsUOA
245 _aВідділ критики: випадки з практики
300 _aС.11
955 _a0
041 _afre
080 _a82
773 0 _w120805
650 7 _a82 Література. Літературознавство
_2UDC
999 _c406916
_d406916